Statistics for Countries of the World Shape Chain Game #2

Click here to take the quiz!

General Stats

  • This quiz has been taken 1,347 times
  • The average score is 9 of 12

Answer Stats

Hint Answer % Correct
HTML tutorial India
100%
HTML tutorial Egypt
98%
HTML tutorial Vietnam
96%
HTML tutorial Cyprus
89%
HTML tutorial Sri Lanka
85%
HTML tutorial Germany
80%
HTML tutorial Iran
74%
HTML tutorial Senegal
70%
HTML tutorial Croatia
69%
HTML tutorial Canada
67%
HTML tutorial Trinidad and Tobago
53%
Kenya
34%

Score Distribution

Percentile by Number Answered

Percent of People with Each Score

Your Score History

You have not taken this quiz